000 00795nam a2200241 i 4500
001 146408
003 ES-MaACL
005 20251013231425.0
007 t|
008 070907m19561958sp ||||1| spa d
080 _a087.5:082.1
080 _a087.5:087.5
245 0 0 _aA través del ancho mundo
_b: selecciones para la juventud.
250 _a[Edición española preparada por Oriol Gali Forés, Jaime Ministral Masia, Arturo Rajul Martinez].
260 _aBarcelona :
_bManuel Marín,
_c[1956-58]
300 _a9 v. :
_bil. ;
_c25 cm.
500 _aFalta el t. IV.
700 0 _aGali Forés, Oriol.
_953396
700 1 _aMinistral Masià, Jaume,
_d1914-1982
_981362
700 0 _aRajul Martínez, Arturo.
_995046
852 _aES-MaACL
_jP-809
_bR.40112
999 _c146408
_d146408